000
00311nam a22001337a 4500
008
181217b xxu||||| |||| 00| 0 eng d
020
_a
0132582511
041
_a
eng
080
_a
510
100
_a
36
101
_a
MAT
245
_a
Elementary Linear Algebra with Applications
_c
Florey,F.G
942
_2
udc
_c
BK
999
_c
53151
_d
53151